000 00458 a2200157 4500
999 _c1513
_d1513
020 _a9781119989974
050 _aHD 61 CHA 2011
100 _aChapman, Robert J.
245 _aSimple tools and techniques for enterprise risk management /
_cRobert J Chapman
250 _a2nd ed.
264 _aChichester
_bJohn Wiley & Sons
_c2011
300 _axxxvii,621p.
500 _aincludes index
650 _aRisk management
942 _2lcc
_cBK
_e2nd ed.
_h61
_iCHA
_kHD